[Event "Manhems Chessweek IM 2008"]
[Site "?"]
[Date "2008.08.02"]
[Round "1"]
[White "Hebbinghaus, Holger"]
[Black "Åkesson, Joel"]
[Result "1/2-1/2"]
[WhiteElo "2287"]
[BlackElo "2312"]
[PlyCount "124"]
[EventDate "2008.08.02"]
[Source "ChessBase"]
[SourceVersion "1"]
[SourceVersionDate "1997.02.01"]
[SourceQuality "1"]

1. e4 e6 2. d4 d5 3. Nd2 Nf6 4. e5 Nfd7 5. c3 c5 6. f4 Nc6 7. Ndf3 Qb6 8. a3
Be7 9. b4 cxd4 10. cxd4 O-O 11. Bd3 f5 12. Ne2 Qd8 13. O-O Nb6 14. Nc3 Bd7 15.
Be3 Rc8 16. Qb3 a5 17. b5 a4 18. Nxa4 Na5 19. Qd1 Nbc4 20. Bc1 Bxb5 21. Nc3 Ba6
22. Ne2 Qd7 23. h3 Rc6 24. g4 Rb6 25. Ra2 Nb3 26. gxf5 exf5 27. Ng3 g6 28. h4
Nxc1 29. Qxc1 Rb3 30. Qd1 Rxa3 31. Rxa3 Nxa3 32. h5 Rc8 33. Bxa6 bxa6 34. Qd2
Nb5 35. hxg6 hxg6 36. Ra1 Qe6 37. Nf1 Qb6 38. Qa2 Nxd4 39. Qxd5+ Ne6+ 40. Kh1
Kg7 41. Qd7 Rc7 42. Qa4 Nc5 43. Qa2 Ne4 44. Rb1 Qf2 45. Qxf2 Nxf2+ 46. Kg2 Nd3
47. Kg3 Bc5 48. Ng5 Re7 49. Ra1 Bf2+ 50. Kf3 Bh4 51. Nh3 Ra7 52. Ra5 Ne1+ 53.
Ke2 Nc2 54. Ra4 a5 55. Nd2 Be7 56. Nb3 Bb4 57. Ng5 Be7 58. Nf3 Nb4 59. Nfd4 Nd5
60. Kf3 Bb4 61. Nc6 Rc7 62. Nbxa5 Bxa5 1/2-1/2

[Event "Manhems Chessweek IM 2008"]
[Site "?"]
[Date "2008.08.02"]
[Round "1"]
[White "Ask, Josef"]
[Black "Bronznik, Valerij"]
[Result "1-0"]
[WhiteElo "2246"]
[BlackElo "2362"]
[PlyCount "231"]
[EventDate "2008.08.02"]
[Source "ChessBase"]
[SourceVersion "1"]
[SourceVersionDate "1997.02.01"]
[SourceQuality "1"]

1. e4 c5 2. Nf3 Nc6 3. c3 d5 4. exd5 Qxd5 5. d4 Nf6 6. Na3 Bg4 7. Be2 cxd4 8.
Nb5 Rc8 9. Nbxd4 Nxd4 10. cxd4 Bd7 11. O-O Bc6 12. Be3 e6 13. Qb1 Be7 14. b4
Bb5 15. Bxb5+ Qxb5 16. a3 O-O 17. Bd2 Qa4 18. Qd3 a6 19. Rfc1 Qb5 20. Qb3 Qd5
21. Qb2 Ne4 22. Be3 b6 23. h3 Nd6 24. Bf4 Nc4 25. Qe2 b5 26. Rd1 Nb6 27. Ne5
Rc3 28. Ng4 Rfc8 29. Be5 Qc4 30. Qd2 Nd5 31. Qe1 Rc2 32. f3 Qe2 33. Qg3 f6 34.
Re1 Qd2 35. Rad1 Qg5 36. Bd6 Kf7 37. Bxe7 Kxe7 38. Re4 h5 39. Rde1 R2c6 40. Kh2
hxg4 41. Rxg4 Qh6 42. Rh4 Qg5 43. Rg4 Qf5 44. Rxg7+ Ke8 45. Re4 R6c7 46. Rh4
Re7 47. Rg8+ Kd7 48. Rxc8 Kxc8 49. Rh8+ Kd7 50. Qg8 Qf4+ 51. Kh1 Qc1+ 52. Kh2
Qf4+ 53. Kh1 Qc1+ 54. Kh2 Qc7+ 55. Kg1 Nb6 56. Qg6 Qc1+ 57. Kh2 Qf4+ 58. Kh1
Qc1+ 59. Kh2 Qf4+ 60. Kh1 Qxd4 61. h4 Qa1+ 62. Kh2 Qe5+ 63. Kh1 Kc6 64. Rh5 f5
65. Rh6 Rd7 66. Qxe6+ Qxe6 67. Rxe6+ Rd6 68. Re5 f4 69. Rc5+ Kd7 70. Rf5 Nd5
71. Kh2 Ke6 72. Rf8 Ke5 73. Kh3 Ne3 74. Rg8 Rh6 75. Re8+ Kf5 76. Rf8+ Rf6 77.
Rg8 Nc4 78. h5 Nxa3 79. Kh4 Nc2 80. Rc8 Nxb4 81. Rc5+ Ke6 82. Kg5 Rf8 83. h6
Nd5 84. h7 b4 85. Rc6+ Kd7 86. Rxa6 b3 87. Ra3 Nf6 88. Ra7+ Kc6 89. Ra6+ Kc5
90. Rxf6 Rh8 91. Rf7 b2 92. Rb7 Rxh7 93. Rxb2 Rf7 94. Rd2 Kc4 95. Rd6 Rg7+ 96.
Kxf4 Rxg2 97. Kf5 Kc5 98. Rd8 Kc6 99. f4 Kc7 100. Rd4 Rg8 101. Ke6 Re8+ 102.
Kf7 Rh8 103. f5 Rh7+ 104. Kg6 Rh1 105. f6 Rg1+ 106. Kf7 Rf1 107. Kg7 Rg1+ 108.
Kf7 Rf1 109. Rd5 Kc6 110. Rd2 Kc7 111. Rd4 Rf2 112. Ke6 Re2+ 113. Kf5 Rf2+ 114.
Rf4 Ra2 115. f7 Ra8 116. Ke6 1-0

[Event "Manhems Chessweek IM 2008"]
[Site "?"]
[Date "2008.08.02"]
[Round "1"]
[White "Hedman, Erik"]
[Black "Krivonosov, Oleg"]
[Result "1/2-1/2"]
[WhiteElo "2362"]
[BlackElo "2424"]
[PlyCount "59"]
[EventDate "2008.08.02"]
[Source "ChessBase"]
[SourceVersion "1"]
[SourceVersionDate "1997.02.01"]
[SourceQuality "1"]

1. e4 e5 2. Nf3 Nc6 3. Bb5 Nf6 4. O-O Nxe4 5. d4 Nd6 6. Bxc6 dxc6 7. dxe5 Nf5
8. Qxd8+ Kxd8 9. Nc3 Ke8 10. h3 Be7 11. Rd1 Nh4 12. Nxh4 Bxh4 13. g3 Be7 14. g4
h5 15. f3 hxg4 16. hxg4 f5 17. exf6 gxf6 18. Bf4 f5 19. gxf5 Bxf5 20. Ne4 Kf7
21. Kf2 Bxe4 22. fxe4 Bc5+ 23. Kf3 Ke6 24. Rh1 Bd6 25. Rag1 Rxh1 26. Rxh1 Rf8
27. Rh6+ Ke7 28. Rh7+ Ke6 29. Rh6+ Ke7 30. Rh7+ 1/2-1/2

[Event "Manhems Chessweek IM 2008"]
[Site "?"]
[Date "2008.08.02"]
[Round "1"]
[White "Vovk, Ilja"]
[Black "Svensson, Bengt"]
[Result "1/2-1/2"]
[WhiteElo "2235"]
[BlackElo "2411"]
[PlyCount "43"]
[EventDate "2008.08.02"]
[Source "ChessBase"]
[SourceVersion "1"]
[SourceVersionDate "1997.02.01"]
[SourceQuality "1"]

1. d4 d5 2. c4 c6 3. Nf3 Nf6 4. e3 a6 5. b3 Bf5 6. Nbd2 e6 7. Bb2 Nbd7 8. Be2
h6 9. Ne5 Bd6 10. O-O O-O 11. a3 Ne4 12. b4 Qc7 13. f4 Nxd2 14. Qxd2 Nf6 15. c5
Be7 16. Nd3 Ne4 17. Qe1 Bh7 18. Nf2 Qd7 19. Bf3 Nxf2 20. Qxf2 Bd8 21. Qg3 f6
22. Qh3 1/2-1/2

[Event "Manhems Chessweek IM 2008"]
[Site "?"]
[Date "2008.08.02"]
[Round "1"]
[White "Nithander, Victor"]
[Black "Vas, Peter"]
[Result "1-0"]
[WhiteElo "2319"]
[BlackElo "2197"]
[PlyCount "35"]
[EventDate "2008.08.02"]
[Source "ChessBase"]
[SourceVersion "1"]
[SourceVersionDate "1997.02.01"]
[SourceQuality "1"]

1. e4 e5 2. Nf3 Nf6 3. Nc3 Bb4 4. Nxe5 O-O 5. Be2 Re8 6. Nd3 Bxc3 7. dxc3 Nxe4
8. Nf4 d6 9. O-O c6 10. c4 Bf5 11. a4 a5 12. Ra3 Nd7 13. Re3 Qb6 14. Bf3 Ndf6
15. Rfe1 Ng5 16. Nh5 Nge4 17. Bxe4 Nxe4 18. Ng3 1-0

[Event "Manhems Chessweek IM 2008"]
[Site "?"]
[Date "2008.08.03"]
[Round "2"]
[White "Hebbinghaus, Holger"]
[Black "Ask, Josef"]
[Result "1/2-1/2"]
[WhiteElo "2287"]
[BlackElo "2246"]
[PlyCount "32"]
[EventDate "2008.08.02"]
[Source "ChessBase"]
[SourceVersion "1"]
[SourceVersionDate "1997.02.01"]
[SourceQuality "1"]

1. d4 Nf6 2. Nc3 d5 3. Bg5 Bf5 4. Bxf6 exf6 5. e3 c6 6. Bd3 Bg6 7. Qf3 Nd7 8.
Nge2 Qa5 9. O-O Be7 10. Ng3 O-O 11. Nf5 Rfe8 12. Ne2 Bf8 13. h4 Qc7 14. h5 Bxf5
15. Bxf5 Nb6 16. Bd3 Qd6 1/2-1/2

[Event "Manhems Chessweek IM 2008"]
[Site "?"]
[Date "2008.08.03"]
[Round "2"]
[White "Bronznik, Valerij"]
[Black "Hedman, Erik"]
[Result "0-1"]
[WhiteElo "2362"]
[BlackElo "2363"]
[PlyCount "68"]
[EventDate "2008.08.02"]
[Source "ChessBase"]
[SourceVersion "1"]
[SourceVersionDate "1997.02.01"]
[SourceQuality "1"]

1. d4 Nf6 2. c4 e6 3. Nc3 c5 4. d5 exd5 5. cxd5 d6 6. Nf3 g6 7. Bf4 a6 8. a4
Bg7 9. e4 O-O 10. Be2 Bg4 11. O-O Bxf3 12. Bxf3 Qe7 13. Qd2 Nbd7 14. Rfe1 h5
15. h3 Rac8 16. a5 Ne8 17. Be2 Nc7 18. Bf1 Rb8 19. Na4 Bd4 20. Rac1 b5 21. Nxc5
dxc5 22. Bxc7 Rbc8 23. Bf4 Qf6 24. Rb1 Rfe8 25. Re2 c4 26. Bg5 Qe5 27. Be3 Qxe4
28. Rbe1 Be5 29. f4 c3 30. Qd1 c2 31. Qc1 Bd4 32. Kh1 Bxe3 33. Rxe3 Qxe3 34.
Rxe3 Rxe3 0-1

[Event "Manhems Chessweek IM 2008"]
[Site "?"]
[Date "2008.08.03"]
[Round "2"]
[White "Krivonosov, Oleg"]
[Black "Nithander, Victor"]
[Result "1/2-1/2"]
[WhiteElo "2424"]
[BlackElo "2319"]
[PlyCount "25"]
[EventDate "2008.08.02"]
[Source "ChessBase"]
[SourceVersion "1"]
[SourceVersionDate "1997.02.01"]
[SourceQuality "1"]

1. Nf3 Nf6 2. c4 g6 3. Nc3 Bg7 4. e4 d6 5. d4 O-O 6. Be2 Na6 7. Bf4 Nh5 8. Be3
e5 9. O-O Nf4 10. Re1 Nxe2+ 11. Qxe2 c6 12. Rad1 Qe7 13. h3 1/2-1/2

[Event "Manhems Chessweek IM 2008"]
[Site "?"]
[Date "2008.08.03"]
[Round "2"]
[White "Åkesson, Joel"]
[Black "Svensson, Bengt"]
[Result "1/2-1/2"]
[WhiteElo "2312"]
[BlackElo "2411"]
[PlyCount "37"]
[EventDate "2008.08.02"]
[Source "ChessBase"]
[SourceVersion "1"]
[SourceVersionDate "1997.02.01"]
[SourceQuality "1"]

1. d4 d5 2. Nf3 Nf6 3. c4 dxc4 4. e3 e6 5. Bxc4 c5 6. O-O a6 7. a4 Nc6 8. Qe2
cxd4 9. Rd1 Be7 10. exd4 O-O 11. Nc3 Nd5 12. Bb3 Ncb4 13. Ne5 Bd7 14. Qg4 Nf6
15. Qg3 Bc6 16. Bh6 Ne8 17. Bf4 Bd5 18. Nxd5 Nxd5 19. Qf3 1/2-1/2

[Event "Manhems Chessweek IM 2008"]
[Site "?"]
[Date "2008.08.03"]
[Round "2"]
[White "Vas, Peter"]
[Black "Vovk, Ilja"]
[Result "0-1"]
[WhiteElo "2197"]
[BlackElo "2235"]
[PlyCount "64"]
[EventDate "2008.08.02"]
[Source "ChessBase"]
[SourceVersion "1"]
[SourceVersionDate "1997.02.01"]
[SourceQuality "1"]

1. e4 c5 2. Nf3 Nc6 3. d4 cxd4 4. Nxd4 g6 5. c4 Bg7 6. Be3 Nf6 7. f3 O-O 8. Qd2
e6 9. Nxc6 dxc6 10. c5 b6 11. cxb6 axb6 12. Qxd8 Rxd8 13. Bxb6 Nd7 14. Bxd8
Bxb2 15. Bc4 Bxa1 16. O-O Bd4+ 17. Kh1 c5 18. Bc7 Ra7 19. Bd6 Ba6 20. Nd2 Bxc4
21. Nxc4 Rxa2 22. Rc1 f6 23. h4 e5 24. Kh2 Kf7 25. Bc7 Ke6 26. h5 f5 27. hxg6
hxg6 28. Kh3 fxe4 29. fxe4 Nf6 30. Re1 Ra4 31. Nb6 Ra7 32. Bd8 Bf2 0-1

[Event "Manhems Chessweek IM 2008"]
[Site "?"]
[Date "2008.08.04"]
[Round "3"]
[White "Hedman, Erik"]
[Black "Hebbinghaus, Holger"]
[Result "1/2-1/2"]
[WhiteElo "2363"]
[BlackElo "2287"]
[PlyCount "56"]
[EventDate "2008.08.02"]
[Source "ChessBase"]
[SourceVersion "1"]
[SourceVersionDate "1997.02.01"]
[SourceQuality "1"]

1. e4 e6 2. d4 d5 3. Nc3 Nf6 4. Bg5 dxe4 5. Nxe4 Be7 6. Bxf6 Bxf6 7. Nf3 Nd7 8.
Qd2 O-O 9. O-O-O Be7 10. Bd3 c5 11. dxc5 Qc7 12. Qe2 a5 13. Kb1 Nxc5 14. Nxc5
Qxc5 15. Ne5 a4 16. a3 Ra5 17. f4 Bf6 18. Ng4 Bd8 19. Qf3 Bc7 20. Rhe1 Rd8 21.
Ne5 Qe7 22. Qh3 g6 23. Qg3 Rad5 24. h4 f6 25. Ng4 Rd4 26. h5 Bxf4 27. Qf2 e5
28. Ne3 Bxe3 1/2-1/2

[Event "Manhems Chessweek IM 2008"]
[Site "?"]
[Date "2008.08.04"]
[Round "3"]
[White "Ask, Josef"]
[Black "Åkesson, Joel"]
[Result "0-1"]
[WhiteElo "2246"]
[BlackElo "2312"]
[PlyCount "80"]
[EventDate "2008.08.02"]
[Source "ChessBase"]
[SourceVersion "1"]
[SourceVersionDate "1997.02.01"]
[SourceQuality "1"]

1. e4 e6 2. d4 d5 3. Nc3 Bb4 4. e5 Ne7 5. Bd2 b6 6. a3 Bxc3 7. Bxc3 Ba6 8. Bxa6
Nxa6 9. Qe2 Nb8 10. Qg4 Nf5 11. Nf3 c5 12. O-O Nc6 13. dxc5 bxc5 14. Rfe1 Rb8
15. b3 Qc7 16. Qh3 a5 17. a4 O-O 18. Rad1 Rfc8 19. Re2 Nfe7 20. Qh5 Nd8 21. Be1
Ng6 22. g3 Nc6 23. h4 Rd8 24. Qg5 Nge7 25. Qh5 Ng6 26. Bd2 d4 27. Bg5 Rd5 28.
Rde1 d3 29. cxd3 Rxb3 30. Bc1 Rbxd3 31. Qg4 Ncxe5 32. Nxe5 Nxe5 33. Rxe5 Rxe5
34. Rf1 Rd4 35. Qf3 Red5 36. Bb2 Rd3 37. Qg4 f5 38. Qe2 e5 39. Re1 e4 40. Qh5
Qf7 0-1

[Event "Manhems Chessweek IM 2008"]
[Site "?"]
[Date "2008.08.04"]
[Round "3"]
[White "Nithander, Victor"]
[Black "Bronznik, Valerij"]
[Result "1-0"]
[WhiteElo "2319"]
[BlackElo "2362"]
[PlyCount "129"]
[EventDate "2008.08.02"]
[Source "ChessBase"]
[SourceVersion "1"]
[SourceVersionDate "1997.02.01"]
[SourceQuality "1"]

1. e4 c5 2. Nf3 Nc6 3. d4 cxd4 4. Nxd4 Nf6 5. Nc3 e5 6. Ndb5 d6 7. Bg5 a6 8.
Na3 b5 9. Nd5 Be7 10. Bxf6 Bxf6 11. c3 Ne7 12. Nxf6+ gxf6 13. Qd3 Bb7 14. O-O-O
d5 15. exd5 Bxd5 16. Nc2 Qb6 17. Nb4 O-O-O 18. Nxd5 Rxd5 19. Qh3+ Kb8 20. Bd3
Rhd8 21. Qf3 b4 22. cxb4 Nc6 23. Bc4 Rxd1+ 24. Rxd1 Nd4 25. Qd3 Rc8 26. Kb1
Qxb4 27. Rc1 Rc7 28. a3 Qb6 29. Bxa6 Rxc1+ 30. Kxc1 Qc6+ 31. Kb1 Qxg2 32. Qc4
Ka7 33. Bc8 Kb8 34. Bd7 Qxf2 35. Qc8+ Ka7 36. Qc7+ Ka8 37. Qc8+ Ka7 38. Qc5+
Kb7 39. Bc6+ Kc7 40. Be8+ Kd8 41. Bxf7 Qf5+ 42. Ka2 Qd7 43. Bg8 Ke8 44. h4 h6
45. Bc4 Qe7 46. Qc8+ Qd8 47. Qg4 Qe7 48. Qg6+ Kd7 49. Qxh6 e4 50. h5 e3 51. Qf4
Qc5 52. Qg4+ Kd6 53. Qf4+ Kd7 54. Qg4+ Kd6 55. Qg3+ Kc6 56. Qg8 Qe5 57. h6 e2
58. Bxe2 Qxe2 59. h7 Ne6 60. Qc8+ Nc7 61. Qg8 Nd5 62. Qa8+ Kc5 63. Qa7+ Kc6 64.
Qa8+ Kc5 65. Qc8+ 1-0

[Event "Manhems Chessweek IM 2008"]
[Site "?"]
[Date "2008.08.04"]
[Round "3"]
[White "Vovk, Ilja"]
[Black "Krivonosov, Oleg"]
[Result "1/2-1/2"]
[WhiteElo "2235"]
[BlackElo "2424"]
[PlyCount "217"]
[EventDate "2008.08.02"]
[Source "ChessBase"]
[SourceVersion "1"]
[SourceVersionDate "1997.02.01"]
[SourceQuality "1"]

1. e4 e5 2. Nf3 Nc6 3. Bc4 Nf6 4. Ng5 d5 5. exd5 Na5 6. Bb5+ Bd7 7. Bxd7+ Qxd7
8. O-O h6 9. Nf3 e4 10. Re1 O-O-O 11. Ne5 Qxd5 12. d4 Qxd4 13. Qxd4 Rxd4 14.
Nxf7 Rg8 15. Ne5 Bd6 16. Ng6 Re8 17. Nc3 Bb4 18. Ne2 Rd7 19. c3 Bd6 20. Nd4 Bc5
21. Be3 Nc4 22. b3 Nxe3 23. fxe3 Nd5 24. Rac1 Rd6 25. Nh4 g6 26. Re2 Rf8 27. g4
Rdf6 28. h3 Ba3 29. Rce1 Nxc3 30. Rc2 Nd5 31. Nb5 Bb4 32. Rd1 Rf1+ 33. Rxf1
Rxf1+ 34. Kxf1 Nxe3+ 35. Ke2 Nxc2 36. Nxg6 a6 37. a3 Nxa3 38. Nd4 c5 39. Nf5 c4
40. bxc4 Nxc4 41. Nxh6 a5 42. Kd1 a4 43. Kc2 Nd2 44. Nf5 a3 45. h4 Nf3 46. Nf4
Be1 47. h5 Ng5 48. h6 Kd7 49. Kb3 Bd2 50. Nd5 Ke6 51. Nc7+ Ke5 52. Kxa3 Kf4 53.
Nd5+ Kxg4 54. Nd6 Kf3 55. Nxb7 Nh7 56. Kb3 Bxh6 57. Nc5 e3 58. Nxe3 Bxe3 59.
Kc4 Nf6 60. Nd3 Ng4 61. Kd5 Ke2 62. Nb4 Nf2 63. Nc6 Bb6 64. Nb4 Ke3 65. Nc2+
Kf4 66. Nd4 Nd3 67. Ne6+ Ke3 68. Kc6 Ba5 69. Kd5 Be1 70. Nc5 Nf4+ 71. Ke5 Bc3+
72. Kf5 Bb4 73. Ne6 Ne2 74. Ke5 Ba5 75. Kd5 Nc3+ 76. Kc4 Ne4 77. Kd5 Bc3 78.
Nc5 Nd2 79. Ne6 Bh8 80. Nc5 Ba1 81. Ne6 Bb2 82. Nc5 Bf6 83. Nd7 Bd4 84. Ne5 Nf1
85. Nc4+ Kd3 86. Ne5+ Kc3 87. Nf3 Bg7 88. Ke4 Ng3+ 89. Kd5 Nf5 90. Ke4 Ne7 91.
Ne5 Nc8 92. Nf7 Kc4 93. Ne5+ Kc5 94. Nd3+ Kd6 95. Nf4 Ba1 96. Nd3 Nb6 97. Nf4
Bh8 98. Nd3 Nc4 99. Nf4 Nd2+ 100. Kd3 Nb3 101. Kc4 Nc5 102. Nd3 Nd7 103. Nb4
Ne5+ 104. Kd4 Bf6 105. Ke4 Bd8 106. Nd3 Nd7 107. Nf4 Bb6 108. Nd3 Bg1 109. Nf4
1/2-1/2

[Event "Manhems Chessweek IM 2008"]
[Site "?"]
[Date "2008.08.04"]
[Round "3"]
[White "Svensson, Bengt"]
[Black "Vas, Peter"]
[Result "1/2-1/2"]
[WhiteElo "2411"]
[BlackElo "2197"]
[PlyCount "44"]
[EventDate "2008.08.02"]
[Source "ChessBase"]
[SourceVersion "1"]
[SourceVersionDate "1997.02.01"]
[SourceQuality "1"]

1. e4 c6 2. d4 d5 3. exd5 cxd5 4. c4 Nf6 5. Nc3 Nc6 6. Bg5 e6 7. Nf3 Be7 8. c5
Ne4 9. Bxe7 Nxc3 10. bxc3 Qxe7 11. Bb5 Qc7 12. O-O O-O 13. Rc1 Bd7 14. Bd3 e5
15. Nxe5 Nxe5 16. dxe5 Qxe5 17. Re1 Qg5 18. Re3 Rfe8 19. Rg3 Qe5 20. Re3 Qg5
21. Rg3 Qe5 22. Re3 Qg5 1/2-1/2

[Event "Manhems Chessweek IM 2008"]
[Site "?"]
[Date "2008.08.05"]
[Round "4"]
[White "Bronznik, Valerij"]
[Black "Vovk, Ilja"]
[Result "0-1"]
[WhiteElo "2362"]
[BlackElo "2235"]
[PlyCount "70"]
[EventDate "2008.08.02"]
[Source "ChessBase"]
[SourceVersion "1"]
[SourceVersionDate "1997.02.01"]
[SourceQuality "1"]

1. d4 d5 2. Nf3 Nf6 3. c4 e6 4. Nc3 dxc4 5. e3 a6 6. a4 c5 7. Bxc4 Nc6 8. O-O
Qc7 9. Qe2 Bd6 10. dxc5 Bxc5 11. h3 O-O 12. Bd2 b6 13. Rac1 Bb7 14. Ba2 Nb4 15.
Bb1 Rad8 16. e4 Nh5 17. Nd1 Ng3 18. Qc4 Nxf1 19. Kxf1 a5 20. Nc3 Qd7 21. Rd1
Ba6 22. Nb5 Bxb5 23. axb5 Rc8 24. e5 g6 25. Qh4 Be7 26. Qh6 Qxb5+ 27. Kg1 Rfd8
28. Re1 Bf8 29. Qh4 Bg7 30. Bh6 Nd5 31. Ng5 Qb4 32. Re4 Rc1+ 33. Kh2 Bxe5+ 34.
g3 Qd2 35. Re2 Qd1 0-1

[Event "Manhems Chessweek IM 2008"]
[Site "?"]
[Date "2008.08.05"]
[Round "4"]
[White "Ask, Josef"]
[Black "Hedman, Erik"]
[Result "0-1"]
[WhiteElo "2246"]
[BlackElo "2363"]
[PlyCount "106"]
[EventDate "2008.08.02"]
[Source "ChessBase"]
[SourceVersion "1"]
[SourceVersionDate "1997.02.01"]
[SourceQuality "1"]

1. e4 c5 2. Nf3 d6 3. d4 cxd4 4. Nxd4 Nf6 5. Nc3 a6 6. Bg5 e6 7. f4 Nc6 8. Nxc6
bxc6 9. e5 h6 10. Bh4 g5 11. fxg5 Nd5 12. Ne4 Qb6 13. Bd3 hxg5 14. Bg3 Nf4 15.
Qf3 dxe5 16. Nxg5 Bh6 17. Ne4 f5 18. Nd6+ Ke7 19. Bxf4 Qb4+ 20. c3 Qxf4 21.
Qxf4 Bxf4 22. Nxc8+ Raxc8 23. Bxa6 Rcg8 24. Bf1 e4 25. a4 Rd8 26. Rd1 Ra8 27.
b3 Bxh2 28. Bc4 Be5 29. Kd2 Rhd8+ 30. Kc2 Rxd1 31. Rxd1 Rg8 32. Rd2 Rg3 33. Re2
Bxc3 34. Kb1 Kd6 35. Ka2 Bb4 36. Ba6 Ke5 37. Bb7 Kd6 38. Rc2 Bc3 39. a5 Bxa5
40. Rxc6+ Kd7 41. Rc2 e3 42. Re2 Bb4 43. Kb2 e5 44. Kc2 e4 45. Kd1 Bd2 46. Ba6
Kd6 47. b4 f4 48. Bb7 f3 49. gxf3 Rg1+ 50. Kc2 Rc1+ 51. Kb2 Re1 52. Rxe1 Bxe1
53. Bxe4 e2 0-1

[Event "Manhems Chessweek IM 2008"]
[Site "?"]
[Date "2008.08.05"]
[Round "4"]
[White "Hebbinghaus, Holger"]
[Black "Nithander, Victor"]
[Result "1/2-1/2"]
[WhiteElo "2287"]
[BlackElo "2319"]
[PlyCount "31"]
[EventDate "2008.08.02"]
[Source "ChessBase"]
[SourceVersion "1"]
[SourceVersionDate "1997.02.01"]
[SourceQuality "1"]

1. e4 c5 2. Nc3 Nc6 3. Bb5 Nd4 4. Bc4 e6 5. Nge2 Ne7 6. O-O d5 7. exd5 exd5 8.
Nxd5 Nxd5 9. Nxd4 cxd4 10. Qh5 Be6 11. Re1 Be7 12. Rxe6 O-O 13. Re1 Nb4 14. Qd1
d3 15. cxd3 Bc5 16. a3 1/2-1/2

[Event "Manhems Chessweek IM 2008"]
[Site "?"]
[Date "2008.08.05"]
[Round "4"]
[White "Åkesson, Joel"]
[Black "Vas, Peter"]
[Result "1-0"]
[WhiteElo "2312"]
[BlackElo "2197"]
[PlyCount "50"]
[EventDate "2008.08.02"]
[Source "ChessBase"]
[SourceVersion "1"]
[SourceVersionDate "1997.02.01"]
[SourceQuality "1"]

1. d4 Nf6 2. Nf3 d5 3. c4 c6 4. e3 e6 5. Bd3 dxc4 6. Bxc4 Nbd7 7. O-O Bd6 8.
Nbd2 O-O 9. Bb3 Qe7 10. e4 e5 11. Re1 exd4 12. e5 Nxe5 13. Nxe5 Bxe5 14. f4 Ng4
15. fxe5 Ne3 16. Qe2 Bg4 17. Nf3 Bxf3 18. Qxf3 Qxe5 19. Bxe3 dxe3 20. Rxe3 Qxb2
21. Rf1 Kh8 22. Re7 Qd4+ 23. Kh1 Qe3 24. Qxe3 Rfe8 25. Rxe8+ Rxe8 1-0

[Event "Manhems Chessweek IM 2008"]
[Site "?"]
[Date "2008.08.06"]
[Round "5"]
[White "Vas, Peter"]
[Black "Krivonosov, Oleg"]
[Result "1/2-1/2"]
[WhiteElo "2197"]
[BlackElo "2424"]
[PlyCount "30"]
[EventDate "2008.08.02"]
[Source "ChessBase"]
[SourceVersion "1"]
[SourceVersionDate "1997.02.01"]
[SourceQuality "1"]

1. e4 e5 2. Nf3 Nc6 3. d4 exd4 4. Nxd4 Bc5 5. Be3 Qf6 6. c3 Nge7 7. Bc4 Ne5 8.
Be2 d6 9. O-O Qg6 10. f4 Ng4 11. Bc1 h5 12. h3 Ne5 13. f5 Qf6 14. Be3 N7c6 15.
Qd2 Qe7 1/2-1/2

[Event "Manhems Chessweek IM 2008"]
[Site "?"]
[Date "2008.08.06"]
[Round "5"]
[White "Vovk, Ilja"]
[Black "Hebbinghaus, Holger"]
[Result "1/2-1/2"]
[WhiteElo "2235"]
[BlackElo "2287"]
[PlyCount "53"]
[EventDate "2008.08.02"]
[Source "ChessBase"]
[SourceVersion "1"]
[SourceVersionDate "1997.02.01"]
[SourceQuality "1"]

1. e4 e6 2. d4 d5 3. e5 c5 4. c3 Nc6 5. Nf3 Qb6 6. a3 Nh6 7. b4 cxd4 8. cxd4
Nf5 9. Bb2 Bd7 10. g4 Nh6 11. Rg1 f6 12. exf6 gxf6 13. Nc3 Nf7 14. Na4 Qc7 15.
Rc1 Qd6 16. Nc5 Ncd8 17. g5 Bg7 18. gxf6 Bxf6 19. Ne5 Nxe5 20. dxe5 Bxe5 21.
Ne4 Qb8 22. Qh5+ Nf7 23. Ng5 Bxb2 24. Nxf7 Ke7 25. Nxh8 Qxh8 26. Qg5+ Kd6 27.
Qf4+ 1/2-1/2

[Event "Manhems Chessweek IM 2008"]
[Site "?"]
[Date "2008.08.06"]
[Round "5"]
[White "Svensson, Bengt"]
[Black "Bronznik, Valerij"]
[Result "1-0"]
[WhiteElo "2411"]
[BlackElo "2362"]
[PlyCount "73"]
[EventDate "2008.08.02"]
[Source "ChessBase"]
[SourceVersion "1"]
[SourceVersionDate "1997.02.01"]
[SourceQuality "1"]

1. e4 c5 2. Nf3 Nc6 3. d4 cxd4 4. Nxd4 Nf6 5. Nc3 e5 6. Ndb5 d6 7. Bg5 a6 8.
Na3 b5 9. Bxf6 gxf6 10. Nd5 Bg7 11. c3 f5 12. exf5 Bxf5 13. Nc2 O-O 14. Nce3
Be6 15. Bd3 f5 16. Qh5 e4 17. Bc2 Ne7 18. Rd1 b4 19. O-O bxc3 20. bxc3 Kh8 21.
Rd2 Rc8 22. Rfd1 Nxd5 23. Nxd5 Be5 24. Bb3 Bxd5 25. Rxd5 Qf6 26. c4 Rc7 27. Ra5
Rg7 28. c5 Rg5 29. Qh3 Rg6 30. cxd6 Rh6 31. Qxh6 Qxh6 32. Rxe5 Qf6 33. Re6 Qd8
34. d7 Kg7 35. h3 f4 36. Rxe4 f3 37. Rg4+ 1-0

[Event "Manhems Chessweek IM 2008"]
[Site "?"]
[Date "2008.08.06"]
[Round "5"]
[White "Hedman, Erik"]
[Black "Åkesson, Joel"]
[Result "1-0"]
[WhiteElo "2363"]
[BlackElo "2311"]
[PlyCount "67"]
[EventDate "2008.08.02"]
[Source "ChessBase"]
[SourceVersion "1"]
[SourceVersionDate "1997.02.01"]
[SourceQuality "1"]

1. e4 e6 2. d4 d5 3. Nc3 Bb4 4. e5 c5 5. a3 Bxc3+ 6. bxc3 Ne7 7. Qg4 O-O 8. Bd3
Nbc6 9. Qh5 Ng6 10. Nf3 Qc7 11. Be3 c4 12. Bxg6 fxg6 13. Qg4 Bd7 14. h4 Rf5 15.
Ng1 Ne7 16. Ne2 h6 17. h5 gxh5 18. Rxh5 Rxh5 19. Qxh5 Qb6 20. Kd2 Be8 21. Qh3
Bg6 22. Rc1 Rf8 23. Nf4 Bf5 24. g4 Be4 25. f3 Ng6 26. fxe4 Nxf4 27. Qh2 Ng6 28.
g5 hxg5 29. Bxg5 Rf3 30. Qh5 Nxe5 31. Be3 Qb2 32. dxe5 d4 33. Qe8+ Rf8 34.
Qxe6+ 1-0

[Event "Manhems Chessweek IM 2008"]
[Site "?"]
[Date "2008.08.06"]
[Round "5"]
[White "Nithander, Victor"]
[Black "Ask, Josef"]
[Result "1/2-1/2"]
[WhiteElo "2319"]
[BlackElo "2246"]
[PlyCount "78"]
[EventDate "2008.08.02"]
[Source "ChessBase"]
[SourceVersion "1"]
[SourceVersionDate "1997.02.01"]
[SourceQuality "1"]

1. e4 c5 2. Nf3 e6 3. Nc3 a6 4. d4 cxd4 5. Nxd4 b5 6. Bd3 Qb6 7. Nf3 Qc7 8. O-O
Nc6 9. a4 b4 10. Ne2 Bd6 11. h3 Nge7 12. Be3 O-O 13. Nd2 Na5 14. Qe1 Bb7 15. f4
Bc5 16. Bxc5 Qxc5+ 17. Kh2 d5 18. e5 Nc4 19. Nb3 Qc7 20. Qc1 f6 21. Nbd4 Bc8
22. exf6 Rxf6 23. b3 Nd6 24. Qe3 Nc6 25. Nxc6 Qxc6 26. Rae1 Bd7 27. g3 a5 28.
Ng1 Nf5 29. Qf2 Raf8 30. Nf3 Qc7 31. Ne5 Bc8 32. Re2 Ne7 33. Ng4 R6f7 34. Ne5
Rf6 35. h4 Nf5 36. g4 Nxh4 37. g5 Rxf4 38. Qxf4 Rxf4 39. Rxf4 Nf5 1/2-1/2

[Event "Manhems Chessweek IM 2008"]
[Site "?"]
[Date "2008.08.07"]
[Round "6"]
[White "Bronznik, Valerij"]
[Black "Vas, Peter"]
[Result "1-0"]
[WhiteElo "2362"]
[BlackElo "2197"]
[PlyCount "66"]
[EventDate "2008.08.02"]
[Source "ChessBase"]
[SourceVersion "1"]
[SourceVersionDate "1997.02.01"]
[SourceQuality "1"]

1. d4 Nf6 2. c4 e6 3. Nc3 d5 4. cxd5 exd5 5. Bg5 Be7 6. e3 c6 7. Bd3 Nbd7 8.
Nge2 O-O 9. Qc2 Re8 10. O-O Nf8 11. f3 g6 12. Kh1 Ne6 13. Bh4 Ng7 14. Rad1 Be6
15. Bf2 Rc8 16. e4 Qc7 17. Qd2 Rcd8 18. Qc1 Qa5 19. e5 Nd7 20. a3 c5 21. dxc5
Nxe5 22. Bb5 Rf8 23. b4 Qc7 24. Nf4 Bg5 25. Nxe6 Nxe6 26. Qc2 d4 27. Ne4 Be7
28. Bg3 a6 29. Ba4 h5 30. h3 Kg7 31. Bb3 Rfe8 32. f4 h4 33. Bf2 f5 1-0